Les Pokémons de type Dragon - Statistiques

Statistiques générales
  • Ce quiz a été pris 357 fois
    243 depuis la dernière actualisation
  • Le résultat moyen est 45 sur 61
Statistiques - réponses
Gen Type 1 Type 2 Pokémon % Correct
I 148 Dragon Draco
99%
I 149 Dragon Vol Dracolosse
99%
I 147 Dragon Minidraco
99%
III 373 Dragon Vol Drattak
93%
III 371 Dragon Draby
92%
IV 445 Dragon Sol Carchacrok
91%
IV 444 Dragon Sol Carmache
91%
V 643 Dragon Feu Reshiram
91%
IV 483 Dragon Acier Dialga
88%
III 372 Dragon Drackhaus
88%
IV 443 Dragon Sol Griknot
88%
V 646 Dragon Glace Kyurem
88%
IV 484 Dragon Eau Palkia
88%
III 384 Dragon Vol Rayquaza
88%
V 633 Dragon Ténèbres Solochi
88%
V 644 Dragon Electrik Zekrom
88%
III 330 Dragon Sol Libégon
87%
V 634 Dragon Ténèbres Diamat
86%
IV 487 Dragon Spectre Giratina
86%
V 635 Dragon Ténèbres Trioxhydre
85%
V 610 Dragon Coupenotte
84%
III 380 Dragon Psy Latias
84%
III 381 Dragon Psy Latios
84%
V 612 Dragon Tranchodon
84%
IV 493 Dragon Arceus
82%
III 334 Dragon Vol Altaria
81%
III 329 Dragon Sol Vibraninf
81%
V 621 Dragon Drakkarmin
79%
V 611 Dragon Incisache
77%
I 103 Dragon Plante Noadkoko
76%
II 230 Dragon Eau Hyporoi
75%
VII 784 Dragon Combat Ékaïser
72%
VI 706 Dragon Muplodocus
72%
VI 706 Dragon Acier Muplodocus
72%
VI 691 Dragon Poison Kravarech
70%
VI 697 Dragon Roche Rexillius
70%
VII 780 Dragon Normal Draïeul
68%
VII 776 Dragon Feu Boumata
67%
VI 704 Dragon Mucuscule
67%
VI 696 Dragon Roche Ptyranidur
66%
VI 718 Dragon Sol Zygarde
66%
VI 705 Dragon Colimucus
65%
VI 705 Dragon Acier Colimucus
65%
VII 782 Dragon Bébécaille
64%
VI 715 Dragon Vol Bruyverne
64%
VIII 887 Dragon Spectre Lanssorien
64%
VIII 840 Dragon Plante Verpom
63%
VII 783 Dragon Combat Écaïd
62%
VIII 842 Dragon Plante Dratatin
61%
VIII 884 Dragon Acier Duralugon
61%
VIII 841 Dragon Plante Pomdrapi
61%
VI 714 Dragon Vol Sonistrelle
61%
VIII 890 Dragon Poison Éthernatos
58%
VIII 885 Dragon Spectre Fantyrm
55%
VIII 886 Dragon Spectre Dispareptil
53%
VII 799 Dragon Ténèbres Engloutyran
53%
VIII 882 Dragon Eau Hydragon
53%
VII 804 Dragon Poison Mandrillon
52%
VII 773 Dragon Silvallié
50%
VIII 895 Dragon Regidrago
47%
VIII 880 Dragon Electrik Galvagon
45%
Aucun quiz correspondant
Distribution des résultats
% des personnes avec chaque résultat
Percentile par nombre de réponses
Votre historique - résultats
Vous n’avez pas pris ce quiz depuis la dernière actualisation